| 000 | 00506nam a2200157Ia 4500 | ||
|---|---|---|---|
| 008 | 241217s9999||||xx |||||||||||||| ||und|| | ||
| 020 |
_a9780814405253 _c76.4 |
||
| 040 |
_beng _cSSK Library _erda |
||
| 082 | _a658.054678/ROS | ||
| 100 | _a Anita Rosen - | ||
| 245 | 4 | _aThe E-Commerce Question And Answer Book: A Survival Guide For Business Managers | |
| 260 |
_b Amacom (American Management Association) _c©2000 |
||
| 942 |
_2Dewey Decimal Classification _cBOOK _nNo |
||
| 999 |
_c26138 _d26138 |
||
| 003 | OSt | ||
| 005 | 20241217113014.0 | ||